000 00189nam a2200085 4500
001 1258565
005 20260312194204.0
245 _aNE DEMİŞ YUNUS EMRE
_cFATMA BURÇAK
260 _bCARPE DİEM
999 _c1258565
_d1258565